120 bài luận Anh văn mẫu C.2 : Kiến thức khoa học = 120 model English essays / H Martin ; Nguyễn Văn Khi dịch. C.2

120 bài luận Anh văn mẫu C.2

Bewaard in:
Bibliografische gegevens
Hoofdauteur: Martin, H
Formaat: Boek
Taal:Vietnamese
Gepubliceerd in: Thanh niên 1999
Onderwerpen:
Tags: Voeg label toe
Geen labels, Wees de eerste die dit record labelt!
Thư viện lưu trữ: Mạng thư viện Đại học Đà Nẵng
LEADER 01232cam a22003371a 4500
001 000035638
003 11925
005 20160319000000.0
008 160318s1999 vm 000 vie
041 |a vie 
082 |a 420  |b MA-H  |2 C.2 
100 |a Martin, H 
245 |a 120 bài luận Anh văn mẫu C.2 : Kiến thức khoa học = 120 model English essays / H Martin ; Nguyễn Văn Khi dịch.  |c Martin, H  |n C.2 
260 |a Thanh niên  |c 1999 
300 |a 190tr; mh ;20cm 
520 |a 120 bài luận Anh văn mẫu C.2 
650 |a 120 bài luận Anh văn mẫu C.2 : Kiến thức khoa học = 120 model English essays / H Martin ; 
852 |b Chuyên đề  |c Sách tham khảo 
OWN |a LNN 
AVA |a UDN50  |b LNN  |d 420 MA-H  |e available  |t Error 5001 Not defined in file expand_doc_bib_avail.  |f 1  |g 0  |h N  |i 0  |k 1 
999 |a From the UDN01 
AVA |a UDN50  |b LNN  |d 420 MA-H  |e available  |t Error 5001 Not defined in file expand_doc_bib_avail.  |f 1  |g 0  |h N  |i 0  |k 1 
TYP |a Monograph 
TYP |a Printed language 
980 |a Mạng thư viện Đại học Đà Nẵng